000 01223nam0a2200325 4500
001 RU\NLR\BIBL_A\011853698
005 20181122095451.0
010 _a978-5-9973-4857-1
_950
021 _aRU
_bКН-П-18-074971
_9КН-П-18-5416
035 _a(NLR Aleph) 011853698
035 _a(RuMoRGB)009765427
090 _a12115525
_c12115525
100 _a20181102d2018 u y0rusy50 ca
101 0 _arus
102 _aRU
105 _ay|||z|||000ay
200 1 _aРукопожатие Котовского
_eдидактический роман-карнавал, третий из трилогии "Теменос" цикла "Материалисты"
_fЛавр Китоврасов
210 _aМосква
_cСпутник+
_d2018
215 _a527 с.
_d21
333 _a18+
488 0 _12001#$aТеменос$eтрилогия
_tТеменос
488 0 _12001#$aМатериалисты$eцикл
_tМатериалисты
686 2 _aШ6(2=Р)8-440.4
700 1 _aКитоврасов
_bЛ. Я.
_gЛавр Ярославович
942 _cBOOK
980 _aNBR
980 _aNB